| 000 | 00567nam a2200181Ia 4500 | ||
|---|---|---|---|
| 003 | OSt | ||
| 005 | 20201222113041.0 | ||
| 008 | 190216s9999||||xx |||||||||||||| ||und|| | ||
| 020 | _a9780195148039 | ||
| 040 | _coclc | ||
| 082 |
_a909.097671 _bESP/T |
||
| 100 |
_aEsposito, John L _92207 |
||
| 245 | 4 |
_aThe Oxford Encyclopedia Of The Modern Islamic World / _cJohn L Esposito |
|
| 260 |
_bOxford University Press, _c2001. _aNew York: |
||
| 300 | _a466p | ||
| 650 | _aIslamic History | ||
| 942 |
_cREF _2ddc _h909.097671 _iESP/T _k909.097671 _mESP/T |
||
| 999 |
_c37037 _d37037 |
||